লোডিং...

Green revolution: history,impact and future

গ্রন্থ-পঞ্জীর বিবরন
প্রধান লেখক: Jain,H K
বিন্যাস: Printed Book
ভাষা:Undetermined
প্রকাশিত: USA Studium press 2010
বিষয়গুলি:
LEADER 00510nam a2200157Ia 4500
008 140316s9999 xx 000 0 und d
020 |a 1933699639 
082 |a 630  |b JAI/GR 
100 |a Jain,H K 
245 |a Green revolution: history,impact and future 
260 |a USA  |b Studium press  |c 2010 
300 |a 256 
650 |a Agriculture 
942 |2 ddc  |c REF 
999 |c 21321  |d 21321 
952 |0 0  |1 0  |2 ddc  |4 0  |6 630_000000000000000_JAIGR  |7 0  |9 29174  |a KAUCLV  |b KAUCLV  |c REF  |d 2014-03-18  |o 630 JAI/GR  |p 220026  |r 2014-03-18  |w 2014-03-18  |y REF